XI Roku 2021 wg. Tygodnika "Piłka Nożna" (Europa) - Statystyki

Ogólne statystyki
  • Ten quiz został rozwiązany 243 razy
  • Średni wynik to 10 z 11
Statystyki odpowiedzi
Pozycja Kraj Klub Zawodnik % Poprawnych
ŚN Polska Bayern Robert Lewandowski
98%
PS Francja PSG Kylian Mbappe
97%
ŚP Belgia Manchester City Kevin de Bruyne
95%
PO Anglia Liverpool Trent Alexander-Arnold
94%
ŚPO Portugalia Manchester City Bernardo Silva
91%
BR Belgia Real Madryt Thibaut Courtois
91%
ŚP Niemcy Real Madryt Toni Kroos
90%
ŚO Niemcy Chelsea Antonio Rudiger
89%
ŚO Włochy Juventus Leonardo Bonucci
86%
LO Anglia Manchester United Luke Shaw
82%
ŚPD Włochy Chelsea Jorginho
81%
Nie znaleziono quizów pasujących do podanych kryteriów
Rozkład punktacji
Procent ludzi z każdym wynikiem
Percentyl według liczby udzielonych odpowiedzi
Twoja historia wyników
Nie rozwiązałeś tego quizu